Welcome to the Holygrace Academy Library

Please use search bar below to get started

PANCHATANTRA- HOW THE JACKEL ATE (Record no. 8782)

MARC details
000 -LEADER
fixed length control field 00205nam a22000977a 4500
082 ## - DEWEY DECIMAL CLASSIFICATION NUMBER
Classification number 823
Item number PAI/P
100 ## - MAIN ENTRY--AUTHOR NAME
Personal name PAI, ANAND
245 ## - TITLE STATEMENT
Title PANCHATANTRA- HOW THE JACKEL ATE
650 ## - SUBJECT ADDED ENTRY--TOPICAL TERM
Topical Term ENGLISH STORY
942 ## - ADDED ENTRY ELEMENTS (KOHA)
Koha item type Books
Holdings
Withdrawn status Lost status Collection code Home library Current library Date acquired Source of acquisition Cost, normal purchase price Full call number Accession Number Koha item type
  Lost Fiction Main Library Main Library 07/03/2002 PURCHASED 25.00 823 PAI/P 00534 Books